<?xml version="1.0" encoding="UTF-8"?>
<marc:record xmlns:marc="http://www.loc.gov/MARC21/slim">
   <marc:leader>00000nam a2200000 a 4500</marc:leader>
   <marc:datafield ind1="1" ind2=" " tag="100">
      <marc:subfield code="a">Engel, Frank-Lorenz</marc:subfield>
      <marc:subfield code="4">stl</marc:subfield>
      <marc:subfield code="e">Erzähler/-in</marc:subfield>
   </marc:datafield>
   <marc:datafield ind1="1" ind2=" " tag="100">
      <marc:subfield code="a">Schmidt, Saskia</marc:subfield>
      <marc:subfield code="4">trl</marc:subfield>
      <marc:subfield code="e">Übersetzer/-in</marc:subfield>
   </marc:datafield>
   <marc:datafield ind1=" " ind2=" " tag="653">
      <marc:subfield code="a">Hörbuch</marc:subfield>
   </marc:datafield>
   <marc:datafield ind1=" " ind2=" " tag="653">
      <marc:subfield code="a">Lesung</marc:subfield>
   </marc:datafield>
   <marc:datafield ind1=" " ind2=" " tag="653">
      <marc:subfield code="a">Disney</marc:subfield>
   </marc:datafield>
   <marc:datafield ind1=" " ind2=" " tag="653">
      <marc:subfield code="a">Bambi</marc:subfield>
   </marc:datafield>
   <marc:datafield ind1=" " ind2=" " tag="653">
      <marc:subfield code="a">Arielle</marc:subfield>
   </marc:datafield>
   <marc:datafield ind1=" " ind2=" " tag="653">
      <marc:subfield code="a">Der König der Löwen</marc:subfield>
   </marc:datafield>
   <marc:datafield ind1=" " ind2=" " tag="653">
      <marc:subfield code="a">Gute-Nacht-Geschichten</marc:subfield>
   </marc:datafield>
   <marc:datafield ind1=" " ind2=" " tag="653">
      <marc:subfield code="a">Einschlafgeschichten</marc:subfield>
   </marc:datafield>
   <marc:datafield ind1=" " ind2=" " tag="653">
      <marc:subfield code="a">Träume</marc:subfield>
   </marc:datafield>
   <marc:datafield ind1=" " ind2=" " tag="653">
      <marc:subfield code="a">HBGENKIL: Kinder</marc:subfield>
   </marc:datafield>
   <marc:datafield ind1=" " ind2=" " tag="653">
      <marc:subfield code="a">Kassette / Kinder- und Jugendbücher/Kinderbücher bis 11 Jahre</marc:subfield>
   </marc:datafield>
   <marc:datafield ind1=" " ind2=" " tag="653">
      <marc:subfield code="a">Kinderbücher bis 11 Jahre</marc:subfield>
   </marc:datafield>
   <marc:datafield ind1="0" ind2="0" tag="245">
      <marc:subfield code="a">Gute-Nacht-Geschichten</marc:subfield>
   </marc:datafield>
   <marc:datafield ind1="0" ind2="0" tag="245">
      <marc:subfield code="c">gelesen von Frank-Lorenz Engel ; aus dem Amerikanischen von Saskia Schmidt, Constanze Steindamm, Claudia Dziallas und Susanne Schmidt-Wussow</marc:subfield>
   </marc:datafield>
   <marc:datafield ind1=" " ind2="1" tag="264">
      <marc:subfield code="a">München</marc:subfield>
      <marc:subfield code="b">Der Hörverlag</marc:subfield>
   </marc:datafield>
   <marc:datafield ind1=" " ind2=" " tag="250">
      <marc:subfield code="a">Vollständige Lesungen</marc:subfield>
   </marc:datafield>
   <marc:datafield ind1="1" ind2=" " tag="520">
      <marc:subfield code="a">Angaben aus der Verlagsmeldung

Gute-Nacht-Geschichten (Disney) : Mit Winnie Puuh, Arielle, Micky und der Eiskönigin ins Land der Träume

Mit Winnie Puuh, Arielle, Micky Maus und der Eiskönigin ins Land der Träume...

Gute-Nacht-Geschichten aus der Disney-Welt für die ganze Familie: Die besten Einschlafgeschichten sowie die zauberhafte Stimme von Frank-Lorenz Engel machen dieses Werk zum idealen abendlichen Begleiter. Und die liebenswerten Charaktere aus Winnie Puuh, Bambi, Arielle, Micky Maus und vielen anderen Geschichten sind ein Garant für eine ruhige Nacht – denn nichts ist schöner als eine Gute-Nacht-Geschichte, die einen träumen lässt ...
Inhalt:
1.Bambi: Die Sternschnuppen-Nacht
2.Der König der Löwen: Das Hakuna-Matata-Leben
3.Dumbo: Timothys großer Tag
4.Winnie Puuh: Ein guter Freund
5.Die Eiskönigin – Völlig unverfroren: Olaf und die Trollkinder
6.Arielle die Meerjungfrau: Arielles Nachtlichter
7.Susi und Strolch: Der Babysitter
8.Micky &amp; Freunde: Mickys Camping-Ausflug
9.Rapunzel – Neu verföhnt: Max braucht eine Pause
10.101 Dalmatiner: Detektiv Lucky
11.Mulan: Mushus Geschichte
12.Aladdin: Der alberne Abu
13.Aschenputtel: Gute Nacht, Karli!

Ungekürzte Lesung mit Frank Lorenz Engel

1 CD, ca. 1h 15min
</marc:subfield>
   </marc:datafield>
   <marc:datafield ind1=" " ind2=" " tag="020">
      <marc:subfield code="a">9783844547108</marc:subfield>
      <marc:subfield code="9">9783844547108</marc:subfield>
   </marc:datafield>
   <marc:datafield ind1=" " ind2=" " tag="020">
      <marc:subfield code="a">384454710X</marc:subfield>
      <marc:subfield code="9">384454710X</marc:subfield>
   </marc:datafield>
   <marc:datafield ind1=" " ind2=" " tag="041">
      <marc:subfield code="a">ger</marc:subfield>
   </marc:datafield>
   <marc:datafield ind1=" " ind2=" " tag="300">
      <marc:subfield code="a">1 CD</marc:subfield>
   </marc:datafield>
</marc:record>
